000 00785nam a2200229 a 4500
001 000020846
005 20250128171937.0
008 100818s1977 mx 000 0 spa d
040 _aDO-SdBNP
_bspa
_cBNPHU
082 _a824.8
_bC286d, 1977
100 1 _aCarlyle, Thomas,
_d1795-1881
_943698
245 1 0 _aDe los héroes :
_bHombres representativos /
_cCarlyle y Emerson ; Traducciones y estudio preliminar de Jorge Luis Borges.
250 _a10a ed.
260 _aMéxico :
_bCumbre,
_c1977.
300 _axiv, 1-401 p. ;
_c21 cm.
490 1 _aLos clásicos
650 4 _aEnsayos inglés
_943699
650 4 _aLiteratura inglesa
_9498
700 1 _aBorges, Jorge Luis,
_d1899-1986
_etr.
_94173
700 1 _aEmerson, Ralph Waldo,
_d1803-1882
_943700
830 0 _aLos clásicos
_943697
999 _c20349
_d20349